Devine le personnage harry potter #6 - Statistiques

Statistiques générales
  • Ce quiz a été pris 289 fois
  • Le résultat moyen est 9 sur 10
Statistiques - réponses
Hint Indice Réponse % Correct
6 Diadème, fondateur Rowena Serdaigle
98%
4 Moldu, moustache, méchant Vernon Dursley
97%
2 Fantôme, toilette des filles Mimi Geignarde
95%
10 Médaillon, Fondateur Salazar Serpentard
95%
9 Fils ainé, roux, cicatrice Bill Weasley
94%
3 Infirmière, poudlard Poppy Pomfresh
94%
1 Chatte, yeux rouge Miss teigne
92%
7 Plume à papote Rita Skeeter
85%
5 Contrôleur, magicobus Stan Rocade
76%
8 Frère, tête du sanglier Abelforth Dumbledore
74%
Aucun quiz correspondant
Distribution des résultats
% des personnes avec chaque résultat
Percentile par nombre de réponses
Votre historique - résultats
Vous n’avez pas pris ce quiz